000 00314nam a2200133Ia 4500
008 151001s9999||||xx |||||||||||||| ||und||
100 _aगी द मोपासा
245 _aबेल आमी
250 _a1
260 _bपुण्य
260 _c2000
300 _a128
365 _b21
999 _c978133
_d978130